| LEADER |
01075nam0a2200217 450 |
| 001 |
16868309 |
| 010 |
|
|
|a 978-2-330-15318-2
|b br.
|d 23
|
| 100 |
|
|
|a 20260520d2026 u u0frey01 ba
|
| 101 |
1 |
|
|a fre
|c eng
|
| 102 |
|
|
|a FR
|
| 200 |
0 |
|
|a Sidérations
|f Richard Powers
|g traduit de l'anglais (Etats-Unis) par Serge Chauvin
|
| 207 |
|
1 |
|a
|
| 210 |
|
|
|a Arles
|b 43-47 Rue du docteur Fanton. - Passage du Méjan
|c Actes Sud
|d DL 2021
|
| 215 |
|
|
|a 1 vol. (397 p.)
|d 22 cm
|
| 225 |
1 |
|
|a Lettres anglo-américaines
|x 1158-6737
|
| 330 |
|
|
|a Dans une Amérique au bord du chaos politique et climatique, un père embarque son jeune fils souffrant de troubles du comportement dans une sidérante expérience neuroscientifique. Richard Powers signe un nouveau grand roman questionnant notre place dans le monde et nous amenant à reconsidérer nos liens avec le vivant.
|
| 700 |
|
0 |
|a Powers
|b Richard
|f 1957-....
|4 70
|
| 702 |
|
0 |
|a Chauvin
|b Serge
|f 1966-....
|4 730
|
| 900 |
|
|
|a Roman
|
| 901 |
|
|
|a Adultes
|
| 995 |
|
|
|a Médiathèque
|c Médiathèque
|f 089021870
|h 089021870
|k R POW
|o p
|q a
|r az
|e Médiathèque
|